000 00334nam a2200133Ia 4500
005 20251222155049.0
008 251222s9999||||xx |||||||||||||| ||spa||
082 _aEDUM.107
100 _aELIZABETH ORNA
245 0 _aCómo usar la información en trabajos de investigación
250 _a1ra. ed.
264 _bGedisa
942 _cLIB
999 _c37217
_d37217